Quiz Cultura Generale - Quiz n°64 - Statistics

Statistiche generali
  • Questo quiz è stato fatto 192 volte
  • Il punteggio medio è 9 su 15
Statistiche sulle risposte
Domanda Risposta % Corretto
Quante erano le Meraviglie del Mondo Antico? 7
99%
Da quale lingua deriva il termine "bon ton"? Francese
97%
Di quale apparato fanno parte lo stomaco, l'intestino e l'esofago? Apparato digerente
85%
Quanti punti vale l'asso a tressette? 1
81%
Qual è l'acronimo di Disegno di legge? Ddl
75%
Cosa ha sempre più verde il vicino in un famoso detto italiano? Erba
70%
Quante edizioni delle Olimpiadi estive si sono svolte nel XXI secolo? 5
57%
Quale continente ha una densità pari a 0,00007 ab./km²? Antartide
51%
In quale nazione si trova il vulcano Eyjafjöll, il quale con la sua eruzione nel 2010 ha causato seri problemi al traffico aereo? Islanda
51%
In quale stato vive il gruppo etnico Han? Repubblica Popolare Cinese
44%
Quale compositore tedesco è stato allievo di Antonio Salieri? Ludwig van Beethoven
42%
Con quale termine ci si riferisce alle vaste pianure fertili dell'Argentina? Pampa
41%
Quale attore italiano è conosciuto anche col soprannome di Cipollino? Massimo Boldi
36%
Chi ha scritto il romanzo "Robinson Crusoe"? Daniel Defoe
35%
Chi è il Segretario generale dell'ONU? António Guterres
6%
Nessun quiz corrispondente trovato
Distribuzione punteggi
Percentuale di utenti per punteggio
Percentile per numero di risposta
I tuoi punteggi nel tempo
Non hai fatto questo quiz